Greatest Sci-Fi Movies Quiz Stats

 Plays Quiz Updated Sep 26, 2018

Score 0/100 Timer 15:00
2 Plays Today
Rank Movie % Correct
3Star Wars
92.7%
4Alien
78.5%
93Star Trek
77.9%
13The Empire Strikes Back
74.6%
35Return of the Jedi
73.8%
22001: A Space Odyssey
69.5%
9E.T. the Extra-Terrestrial
66.9%
15Aliens
64.3%
1Blade Runner
62.1%
7The Terminator
57.3%
32Terminator 2: Judgment Day
51.4%
19Star Trek II: The Wrath of Khan
50.8%
11Close Encounters of the Third Kind
50.4%
85Independence Day
49.1%
98Predator
47.5%
8Planet of the Apes
46.3%
21The Matrix
46.3%
6The Day the Earth Stood Still
45.3%
36Back to the Future
43.7%
5Metropolis
39.8%
25Jurassic Park
38.8%
23The Thing
34.9%
20Total Recall
34.1%
26Invasion of the Body Snatchers
32.8%
56Invasion of the Body Snatchers
32.8%
28The Fifth Element
30.8%
57Minority Report
29.8%
37WALL-E
29.6%
67Star Trek VI: The Undiscovered Country
29.2%
27A Clockwork Orange
27.9%
22Tron
27.2%
24RoboCop
27.1%
31The Fly
26%
70Mad Max
25.4%
Rank Movie % Correct
74Moon
24.9%
55Godzilla
24.2%
72Soylent Green
23.9%
10Solaris
23.7%
89Dune
23.6%
76Starship Troopers
23.6%
12Forbidden Planet
23.4%
83Twelve Monkeys
23%
88Serenity
21.4%
63Logan’s Run
21.3%
42The Abyss
20.9%
17Brazil
20.7%
59Gattaca
20.4%
34Mad Max 2: The Road Warrior
20.4%
95Galaxy Quest
17.8%
97Stargate
17.3%
71Donnie Darko
16.9%
66Children of Men
16.8%
18Akira
15.4%
14A Trip to the Moon
15.2%
45Eternal Sunshine of the Spotless Mind
15%
61Them!
14.7%
33Westworld
14.6%
84Event Horizon
14.5%
16Silent Running
14.4%
52Escape from New York
14.2%
96Cocoon
13.7%
75Dark City
13.6%
49The Omega Man
12.9%
94Flash Gordon
12.9%
48The Andromeda Strain
12.7%
53The Invisible Man
11.7%
92THX 1138
11.6%
81Barbarella
11.2%
Rank Movie % Correct
39The Man Who Fell to Earth
10.9%
47Dark Star
10.5%
30Sleeper
10.5%
73Cube
10.3%
54It Came From Outer Space
10.2%
80Fantastic Voyage
9.8%
82Fahrenheit 451
9.7%
100Rollerball
9.7%
90Primer
9.6%
64Ghost in the Shell
8.6%
50Stalker
8.5%
77A Scanner Darkly
8.3%
58Alphaville
7.9%
65Repo Man
7.9%
38The Fantastic Planet
7.5%
68Outland
7.5%
29La Jetée
7.4%
62Videodrome
7.3%
87The Stepford Wives
7.3%
40Things to Come
6.7%
44This Island Earth
6.5%
60The Fountain
6.4%
69A Boy and his Dog
6.2%
79Invaders From Mars
5.9%
86Altered States
5.6%
99Trancers
5.4%
46Delicatessen
5%
51Tetsuo: The Iron Man
5%
91Explorers
4.8%
4120 Million Miles to Earth
4.6%
78The Quiet Earth
4.4%
43Quatermass 2
4.4%

You're not logged in!

Compare scores with friends on all Sporcle quizzes.
OR
Log In

Sporcle TV

Today on Sporcle TV


Watch our educational content, quiz creation guides, and fun videos on Sporcle TV.

Show Comments

Extras

Top Quizzes Today


Score Distribution

Your Account Isn't Verified!

In order to create a playlist on Sporcle, you need to verify the email address you used during registration. Go to your Sporcle Settings to finish the process.

Report this User

Report this user for behavior that violates our Community Guidelines.

Details: